Osobitosti marketingu v neziskovej organizácii bakalárska práca

Na minha lista:
Detalhes bibliográficos
Autor principal: Viglaská, Nikola
Autor Corporativo: Fakulta podnikového manažmentu EU. Katedra podnikovohospodárska
Outros Autores: Pusztiová, Lea, 1994-
Formato: Livro
Idioma:eslovaco
Publicado em: Bratislava 2021
Tags: Adicionar Tag
Sem tags, seja o primeiro a adicionar uma tag!

MARC

LEADER 00000nbm a2200000 4500
001 0275822
005 20211118110037.5
041 0 |a slo 
044 |a SK 
245 1 0 |a Osobitosti marketingu v neziskovej organizácii  |b bakalárska práca  |c Nikola Viglaská ; školiteľ: Lea Pusztiová 
264 1 |a Bratislava  |c 2021 
300 |a 53 s. 
100 1 |a Viglaská, Nikola 
700 1 |a Pusztiová, Lea, 1994- 
710 2 |a Fakulta podnikového manažmentu EU. Katedra podnikovohospodárska